Artikulationsstellen Saggitalschnitt Phonetik - Statistiken

Allgemein
  • Dieses Quiz wurde 5 mal gespielt
  • Das Durchschnittsergebnis liegt bei 9 aus 16
Antwortstatistiken
Bildquiz Antwort % Korrekt
Zahndamm (Alveolen)
100%
Zungenspitze (Apex)
100%
Kehlkopf (Larynx)
67%
Oberlippe
67%
Rachenwand (Pharynx)
67%
Unterlippe
67%
Zäpfchen (Uvula)
67%
Zungenblatt (Lamina)
67%
Zungenrücken (Dorsum)
67%
Harter Gaumen (Palatum)
33%
Mundraum
33%
Nasenhöhle (Nasenraum)
33%
Obere Schneidezähne (dental)
33%
Weicher Gaumen (Velum)
33%
Zungenwurzel (Radix)
33%
Untere Schneidezähne
0%
Keine übereinstimmenden Quizze gefunden
Verteilung der Resultate
Anzahl Personen mit jedem Resultat
Perzentil nach korrekt beantworteten Fragen
Ihre Resultats-Entwicklung
Sie haben dieses Quiz noch nicht gespielt